000 00434nam a2200145Ia 4500
008 220216s9999 xx 000 0 und d
100 _aAmalou Zakia
245 0 _aSolubilization and reconstitution of the Mg2+/2H+ antiporter of the lutoid tonoplast from Hevea brasiliensis latex
260 _bPlant Physiology
_c1994
300 _a79-126
700 _adAuzac J
700 _aGibrat Remy
700 _aTrouslot Pierre
942 _cJS
999 _c68891
_d68891